000 00311nam a22001337a 4500
003 OSt
005 20170105103447.0
008 131204t xxu||||| |||| 00| 0 eng d
020 _a978-81-313-0367-2
040 _cASAB
100 _aDr. Chandrawati Jee
_9388
245 _aTextbook of Biotechnology
942 _2ddc
_cBK
999 _c16659
_d16659